KOHA-Header-6

Introduction To Telecommuinications Voice Data and the Internet (Record no. 10393)

000 -LEADER
fixed length control field 00308nam a2200109Ia 4500
100 ## - MAIN ENTRY--AUTHOR NAME
Personal name Marion Cole
245 #0 - TITLE STATEMENT
Title Introduction To Telecommuinications Voice Data and the Internet
260 ## - PUBLICATION, DISTRIBUTION, ETC. (IMPRINT)
Place of publication New Jersey
Name of publisher World Scientific
Year of publication 1987
300 ## - PHYSICAL DESCRIPTION
Number of Pages 2732
942 ## - ADDED ENTRY ELEMENTS (KOHA)
Koha item type Books

No items available.

Powered by Koha